Opusculi: scritti di Gennaro Franciosi
Guardat en:
| Autors principals: | , |
|---|---|
| Format: | Llibre |
| Idioma: | italià |
| Publicat: |
Nápoles
Satura Editrice
2012
|
| Edició: | 1a. ed |
| Col·lecció: | Collana del Dipartamento di Scienze Giuridiche della Seconda Università degli Studi di Napoli, 2
|
| Matèries: | |
| Etiquetes: |
Afegir etiqueta
Sense etiquetes, Sigues el primer a etiquetar aquest registre!
|
MARC
| LEADER | 00000cam a2200000 a 4500 | ||
|---|---|---|---|
| 001 | UCE5238 | ||
| 003 | CL-VaPUC | ||
| 008 | 141218e20120000it |||||||||||||||||ita|d | ||
| 020 | |a 9788876070907o.c | ||
| 082 | 0 | 4 | |a 340.54 |b MON |2 21 |
| 100 | |a Monaco, Lucia |e autora |9 577775 | ||
| 700 | 0 | |a Franciosi, Amalia |e author |9 577776 | |
| 245 | 1 | 0 | |a Opusculi: scritti di Gennaro Franciosi |
| 250 | |a 1a. ed | ||
| 300 | |a v | ||
| 942 | |c BK | ||
| 945 | |d 20141218 14:42:00 |a dcastane | ||
| 260 | |a Nápoles |b Satura Editrice |c 2012 | ||
| 650 | 0 | |a Derecho romano |9 255930 | |
| 650 | 0 | |a Historia del derecho |9 255109 | |
| 583 | |a last modification |c 20141218 14:42:00 |k Rodrigo Vera | ||
| 490 | 0 | |a Collana del Dipartamento di Scienze Giuridiche della Seconda Università degli Studi di Napoli, 2 | |
| 999 | |c 357998 |d 357996 | ||
| 952 | |0 0 |1 0 |3 erb |4 0 |6 340_540000000000000_MON_2012 |7 0 |8 DER_ROM |9 466203 |a BIBDER |b BIBDER |h v.1 |i 5129877 |o 340.54 MON 2012 |p 5129877 |r 2023-01-25 |w 2019-11-23 |x Ubicación 4to piso |y BK |z Este recurso debe solicitarse con anticipación |k DER | ||
| 952 | |0 0 |1 0 |3 erb |4 0 |6 340_540000000000000_MON_2012 |7 0 |8 DER_ROM |9 466204 |a BIBDER |b BIBDER |h v.2 |i 5129885 |o 340.54 MON 2012 |p 5129885 |r 2023-01-25 |w 2019-11-23 |x Ubicación 4to piso |y BK |z Este recurso debe solicitarse con anticipación |k DER | ||
| 952 | |0 0 |1 0 |3 erb |4 0 |6 340_540000000000000_MON_2012 |7 0 |8 DER_ROM |9 466205 |a BIBDER |b BIBDER |h v.3 |i 5129893 |o 340.54 MON 2012 |p 5129893 |r 2023-01-25 |w 2019-11-23 |x Ubicación 4to piso |y BK |z Este recurso debe solicitarse con anticipación |k DER | ||